Statistics for Death List 2019

Click here to take the quiz!

General Stats

  • This quiz has been taken 3 times
  • The average score is 2 of 50

Answer Stats

StatusRankAnswer% Correct
Alive1Kirk Douglas
100%
Dead9Doris Day
33%
Alive34Vanessa Redgrave
33%
Alive17Akihito
0%
Alive24Alan Greenspan
0%
Alive28Barbara Walters
0%
Alive18Betty White
0%
Alive15Bob Barker
0%
Alive11Bob Dole
0%
Dead23Bob Hawke
0%
Alive38Cleo Laine
0%
Dead43Clive James
0%
Alive31Desmond Tutu
0%
Alive26Dick Van Dyke
0%
Alive33Ed Asner
0%
Dead49Ginger Baker
0%
Dead19Gordon Banks
0%
Alive30Harry Belafonte
0%
Alive12Henry Kissinger
0%
Dead2Herman Wouk
0%
Alive29Honor Blackman
0%
Alive20Hosni Mubarak
0%
Dead25Jacques Chirac
0%
Alive14Javier Perez de Cuellar
0%
Alive13Jerry Stiller
0%
Alive8Jimmy Carter
0%
Alive35Jimmy Greaves
0%
Dead42John McCririck
0%
Dead50Johnny Clegg
0%
Alive21June Brown
0%
Alive46Larry King
0%
Dead5Leah Bracknell
0%
Alive45Little Richard
0%
Alive39Loretta Lynn
0%
Alive40Mikhail Gorbachev
0%
Alive16Murray Walker
0%
Alive27Nobby Stiles
0%
Alive3Olivia de Havilland
0%
Alive10Pierre Cardin
0%
Alive4Prince Philip
0%
Alive44Prunella Scales
0%
Dead7Robert Mugabe
0%
Alive48Shane MacGowan
0%
Alive36Sidney Poitier
0%
Alive22Stirling Moss
0%
Alive47Tina Turner
0%
Alive41Tony Britton
0%
Dead37Valerie Harper
0%
Alive32Valery Giscard d'Estaing
0%
Alive6Vera Lynn
0%

Score Distribution

Percentile by Number Answered

Percent of People with Each Score

Your Score History

You have not taken this quiz